Marvel or DC ??? - Statistics

General Stats
  • This quiz has been taken 3,929 times
  • The average score is 38 of 45
Answer Stats
Hint Answer % Correct
Batman DC
100%
The Flash DC
100%
Human Torch Marvel
100%
Elastic Man DC
99%
Aquaman DC
99%
Green Lantern DC
99%
Iron Man Marvel
99%
Mr Fantastic Marvel
99%
Robin DC
98%
Green Arrow DC
98%
Superman DC
98%
Wasp Marvel
98%
Black Panther Marvel
98%
Psylocke Marvel
97%
Beast Marvel
97%
Spiderman Marvel
97%
Wonderwoman DC
96%
Invisible woman Marvel
96%
Nick Fury Marvel
96%
Thor Marvel
95%
Shazam DC
94%
The Thing Marvel
94%
Black Widow Marvel
94%
Hawkeye Marvel
93%
Captain Cold DC
92%
Riddler DC
92%
Wolverine Marvel
90%
Penguin DC
88%
Daredevil Marvel
88%
Captain America Marvel
85%
Deathstroke DC
82%
She Hulk Marvel
82%
Cat Woman DC
77%
Captain Britan Marvel
77%
Cyborg DC
75%
Red Hulk Marvel
70%
Grodd DC
68%
Ultron Marvel
64%
Cyclops Marvel
60%
Jean Grey Marvel
57%
Killer Frost DC
56%
Vibe DC
54%
Atom DC
52%
Mystique Marvel
47%
Loki Marvel
45%
No matching quizzes found
Score Distribution
Percent of People with Each Score
Percentile by Number Answered
Your Score History
You have not taken this quiz